MARC details
| 000 -CABECERA |
| campo de control de longitud fija |
01477cam a2200289 a 4500 |
| 001 - NÚMERO DE CONTROL |
| campo de control |
000019413 |
| 005 - FECHA Y HORA DE LA ÚLTIMA TRANSACCIÓN |
| campo de control |
20200929170018.0 |
| 008 - DATOS DE LONGITUD FIJA--INFORMACIÓN GENERAL |
| campo de control de longitud fija |
840419s1960 sp 001 e spa d |
| 040 ## - FUENTE DE LA CATALOGACIÓN |
| Centro catalogador/agencia de origen |
DO-SdBNP |
| Centro/agencia transcriptor |
CarP |
| Centro/agencia modificador |
DLC |
| 082 ## - NÚMERO DE LA CLASIFICACIÓN DECIMAL DEWEY |
| Número de clasificación |
Pe864.3 |
| Número de documento/Ítem |
S462t |
| 049 ## - FONDOS LOCALES (OCLC) |
| Fondos de biblioteca |
BNGR |
| 245 00 - MENCIÓN DE TÍTULO |
| Título |
Seis temas peruanos : |
| Resto del título |
conferencias pronunciadas en la Embajada del Perú en España / |
| Mención de responsabilidad, etc. |
Ramón Menéndez Pidal...[et. al.] ; introducción de Manuel Cisneros. |
| 260 ## - PUBLICACIÓN, DISTRIBUCIÓN, ETC. |
| Lugar de publicación, distribución, etc. |
Madrid : |
| Nombre del editor, distribuidor, etc. |
Espasa-Calpe, |
| Fecha de publicación, distribución, etc. |
1960. |
| 300 ## - DESCRIPCIÓN FÍSICA |
| Extensión |
147 p. ; |
| Dimensiones |
18 cm. |
| 490 1# - MENCIÓN DE SERIE |
| Mención de serie |
Austral. Verde: ensayos y filosofía |
| Designación de volumen o secuencia |
1297 |
| 500 ## - NOTA GENERAL |
| Nota general |
Incluye índice de autores. |
| 505 0# - NOTA DE CONTENIDO CON FORMATO |
| Título |
Introducción / |
| Mención de responsabilidad |
Manuel Cisneros -- |
| Título |
La moral en la conquista del Perú y el Inca Garcilaso de la Vega / |
| Mención de responsabilidad |
Ramón Méndez Pidal -- |
| Título |
Evocación del Cuzco y Macchu Pichu / |
| Mención de responsabilidad |
Victorio Macho -- |
| Título |
El Cuzco, la ciudad dos veces imperial / |
| Mención de responsabilidad |
Marqués de Lozoya -- |
| Título |
El Inca Garcilaso de la Vega, fruta nueva del Perú |
| Mención de responsabilidad |
José María Pemán -- |
| Título |
Vida y andanzas de Don Pablo de Olavide / |
| Mención de responsabilidad |
Gregorio Marañón -- |
| Título |
Lima o la gracia y la musa / |
| Mención de responsabilidad |
Eugenio Montes -- |
| 650 #4 - PUNTO DE ACCESO ADICIONAL DE MATERIA--TÉRMINO DE MATERIA |
| Término de materia o nombre geográfico como elemento de entrada |
Ensayos peruanos |
| 9 (RLIN) |
20754 |
| 650 #4 - PUNTO DE ACCESO ADICIONAL DE MATERIA--TÉRMINO DE MATERIA |
| Término de materia o nombre geográfico como elemento de entrada |
Literatura peruana |
| 9 (RLIN) |
3140 |
| 650 #4 - PUNTO DE ACCESO ADICIONAL DE MATERIA--TÉRMINO DE MATERIA |
| Término de materia o nombre geográfico como elemento de entrada |
Indigenas de perú |
| Subdivisión general |
Historia |
| 9 (RLIN) |
41673 |
| 651 #4 - PUNTO DE ACCESO ADICIONAL DE MATERIA--NOMBRE GEOGRÁFICO |
| Nombre geográfico |
Perú |
| Subdivisión general |
Historia |
| 9 (RLIN) |
18494 |
| 700 1# - PUNTO DE ACCESO ADICIONAL--NOMBRE DE PERSONA |
| Nombre de persona |
Menéndez Pidal, Ramón, |
| Fechas asociadas al nombre |
1869-1968 |
| 9 (RLIN) |
3902 |
| 700 1# - PUNTO DE ACCESO ADICIONAL--NOMBRE DE PERSONA |
| Nombre de persona |
Cisneros, Manuel, |
| Término indicativo de función/relación |
introd. |
| 9 (RLIN) |
41674 |
| 830 #0 - PUNTO DE ACCESO ADICIONAL DE SERIE-TÍTULO UNIFORME |
| Título uniforme |
Austral. |
| Nombre de parte o sección de la obra |
Verde : ensayo y filosofía; |
| Designación de volumen o secuencia |
1297 |
| 9 (RLIN) |
41675 |
| 910 ## - DATOS DE OPCIÓN DEL USUARIO (OCLC) |
| Datos de opción del usuario |
Catalogación derivada / LC |
| 910 ## - DATOS DE OPCIÓN DEL USUARIO (OCLC) |
| Datos de opción del usuario |
WM |